[Event "EU-ch Seniors 06th"]
[Site "Davos"]
[Date "2006.08.08"]
[Round "4"]
[White "Belenkaya, Bronya"]
[Black "Schwertel, Johann"]
[Result "0-1"]
[WhiteElo "1900"]
[BlackElo "2063"]
[PlyCount "124"]
[EventDate "2006.08.05"]
[EventType "swiss"]
[EventRounds "9"]
[EventCountry "SUI"]
[SourceTitle "CBM 113 Extra"]
[Source "ChessBase"]
[SourceDate "2006.09.14"]
[SourceVersion "1"]
[SourceVersionDate "2006.09.14"]
[SourceQuality "1"]

1. Nf3 Nf6 2. b3 d5 3. e3 Bg4 4. Bb2 e6 5. Be2 Nbd7 6. d4 Be7 7. 0-0 0-0 8. Nbd2 c6 9. h3 Bh5 10. c4 Re8 11. g4 Bg6 12. Ne5 Nxe5 13. dxe5 Ne4 14. Nxe4 Bxe4 15. Bd3 Bxd3 16. Qxd3 dxc4 17. Qxc4 Qd5 18. Qe2 Red8 19. Rad1 Qa5 20. Ba1 Rxd1 21. Rxd1 Rd8 22. Rd4 Rd5 23. Kg2 Qd8 24. Bc3 c5 25. Rxd5 Qxd5+ 26. e4 Qd7 27. f4 b5 28. f5 b4 29. Ba1 Bg5 30. Kf3 h6 31. f6 gxf6 32. exf6 Qd6 33. e5 Qd5+ 34. Kg3 Qh1 35. Bb2 Qg1+ 36. Kf3 Bh4 37. Qd2 Qf1+ 38. Ke4 Bg5 39. Qc2 Qh1+ 40. Kd3 Qd5+ 41. Ke2 a6 42. Kf2 Qh1 43. Ke2 Qxh3 44. Qxc5 Qxg4+ 45. Kf1 Qd1+ 46. Kg2 Qg4+ 47. Kf1 Qh3+ 48. Ke2 Qg2+ 49. Qf2 Qe4+ 50. Kf1 Qb1+ 51. Kg2 Qxa2 52. Qc2 Qa5 53. Qc8+ Kh7 54. Qd7 Qd5+ 55. Qxd5 exd5 56. Kf3 Kg6 57. Bd4 Kf5 58. Bb2 h5 59. Bd4 Bd2 60. Ke2 Bc3 61. Kd3 Bxd4 62. Kxd4 Ke6 0-1